[Event "Barcelona Llobregat op 5th"]
[Site "Barcelona"]
[Date "2014.04.26"]
[Round "3"]
[White "Garcia Punzano, Josep Lluis"]
[Black "Pages Ruiz, Eduard"]
[Result "0-1"]
[WhiteElo "1925"]
[BlackElo "2124"]
[PlyCount "96"]
[EventDate "2014.04.05"]
[EventType "swiss"]
[EventRounds "8"]
[EventCountry "ESP"]
[SourceTitle "CBM 160 Extra"]
[Source "ChessBase"]
[SourceDate "2014.07.01"]
[SourceVersion "1"]
[SourceVersionDate "2014.07.01"]
[SourceQuality "1"]

1. d4 Nf6 2. c4 e6 3. Nc3 Bb4 4. Bd2 b6 5. Nf3 Bb7 6. e3 0-0 7. Be2 d6 8. 0-0 Nbd7 9. Qb3 Bxc3 10. Bxc3 Ne4 11. Qc2 f5 12. Nd2 Qg5 13. f3 Qxe3+ 14. Kh1 Nf2+ 15. Rxf2 Qxf2 16. Qd3 Qh4 17. Nf1 e5 18. d5 Rae8 19. Ng3 Nc5 20. Qd2 f4 21. Ne4 Nxe4 22. fxe4 Rf6 23. Rf1 Rh6 24. h3 Bc8 25. Qe1 Qg5 26. Kh2 Rf8 27. Bd2 Rff6 28. Rf3 Qg6 29. Bf1 Qf7 30. Kg1 g5 31. g4 fxg3 32. Rxg3 Rhg6 33. Be2 g4 34. hxg4 Rf4 35. Bxf4 exf4 36. Rh3 Bxg4 37. Bxg4 Rxg4+ 38. Kf1 Qg7 39. Qf2 a5 40. Rh2 Qe5 41. Qf3 Rg3 42. Qe2 f3 43. Qe3 Qg7 44. Qf2 Qg5 45. Rh1 Qf4 46. Qe1 f2 47. Qe2 Re3 48. Rh4 Rxe2 0-1

[Event "Foment Martinenc op-A 15th"]
[Site "Barcelona"]
[Date "2013.05.11"]
[Round "4"]
[White "Martinez Gutierrez, Bernard"]
[Black "Pages Ruiz, Eduard"]
[Result "1/2-1/2"]
[WhiteElo "2066"]
[BlackElo "1987"]
[PlyCount "44"]
[EventDate "2013.04.20"]
[EventType "swiss"]
[EventRounds "9"]
[EventCountry "ESP"]
[SourceTitle "CBM 154 Extra"]
[Source "ChessBase"]
[SourceDate "2013.06.25"]
[SourceVersion "2"]
[SourceVersionDate "2013.06.25"]
[SourceQuality "1"]

1. d4 g6 2. Nf3 Bg7 3. e4 d6 4. Be2 Nf6 5. Nc3 0-0 6. 0-0 Nc6 7. h3 e5 8. Be3 h6 9. Qd2 Kh7 10. Rad1 exd4 11. Nxd4 Nxd4 12. Bxd4 Be6 13. f4 Qe8 14. g4 Rd8 15. Bf3 Bc4 16. Rf2 b6 17. h4 Be6 18. f5 Bc8 19. g5 Nh5 20. f6 Bh8 21. Nd5 c5 22. Be3 Qe5 1/2-1/2

[Event "Montseny op 3rd"]
[Site "Montseny"]
[Date "2012.06.02"]
[Round "8"]
[White "Flores Linan, Josep Luis"]
[Black "Pages Ruiz, Eduard"]
[Result "1-0"]
[WhiteElo "1918"]
[BlackElo "2013"]
[PlyCount "83"]
[EventDate "2012.04.14"]
[EventType "swiss"]
[EventRounds "8"]
[EventCountry "ESP"]
[SourceTitle "CBM 148 Extra"]
[Source "ChessBase"]
[SourceDate "2012.06.22"]
[SourceVersion "1"]
[SourceVersionDate "2012.06.22"]
[SourceQuality "1"]

1. d4 Nf6 2. c4 g6 3. d5 d6 4. Nc3 Bg7 5. e4 0-0 6. Nge2 e6 7. Ng3 exd5 8. cxd5 c5 9. Be2 Na6 10. 0-0 Nc7 11. Bg5 h6 12. Be3 Re8 13. f4 b6 14. Qd2 Kh7 15. Rf2 b5 16. e5 b4 17. Nce4 dxe5 18. d6 exf4 19. Nxf6+ Bxf6 20. dxc7 Qxd2 21. Bxd2 fxg3 22. Rxf6 Rxe2 23. Rxf7+ Kg8 24. Raf1 Bb7 25. c8Q+ Rxc8 26. Rxb7 Rxd2 27. hxg3 Rf8 28. Rc1 Rf5 29. a4 Rxb2 30. Rd1 Rf7 31. Rb8+ Kg7 32. Rc1 Rc7 33. a5 c4 34. a6 c3 35. Rb7 Rf7 36. Rf1 h5 37. Rbxf7+ Kh6 38. Rxa7 b3 39. Rc7 c2 40. a7 Ra2 41. Rb7 b2 42. Rxb2 1-0

[Event "Montseny op 3rd"]
[Site "Montseny"]
[Date "2012.05.26"]
[Round "7"]
[White "Pages Ruiz, Eduard"]
[Black "Mir Vinas, Pau Jose"]
[Result "1-0"]
[WhiteElo "2013"]
[BlackElo "1835"]
[PlyCount "59"]
[EventDate "2012.04.14"]
[EventType "swiss"]
[EventRounds "8"]
[EventCountry "ESP"]
[SourceTitle "CBM 148 Extra"]
[Source "ChessBase"]
[SourceDate "2012.06.22"]
[SourceVersion "1"]
[SourceVersionDate "2012.06.22"]
[SourceQuality "1"]

1. e4 e5 2. Nc3 Nf6 3. Bc4 Nc6 4. d3 Na5 5. Qe2 Bb4 6. Bd2 0-0 7. Nf3 Nxc4 8. dxc4 d6 9. 0-0-0 Bg4 10. h3 Bxf3 11. Qxf3 Bxc3 12. Bxc3 Qe7 13. g4 Qe6 14. g5 Nd7 15. b3 Nc5 16. Qe3 f5 17. gxf6 Qxf6 18. b4 Na4 19. Bd2 Qf3 20. Qb3 Qxb3 21. cxb3 Nb6 22. Be3 Rad8 23. Rhg1 Rf3 24. c5 Nc8 25. h4 c6 26. cxd6 Rxd6 27. Bc5 Rxd1+ 28. Rxd1 b6 29. Rd8+ Kf7 30. Rf8+ 1-0

[Event "Montseny op 3rd"]
[Site "Montseny"]
[Date "2012.04.28"]
[Round "3"]
[White "Pages Ruiz, Eduard"]
[Black "Lozano Diaz, Antoni"]
[Result "1/2-1/2"]
[WhiteElo "2013"]
[BlackElo "1913"]
[PlyCount "75"]
[EventDate "2012.04.14"]
[EventType "swiss"]
[EventRounds "8"]
[EventCountry "ESP"]
[SourceTitle "CBM 148 Extra"]
[Source "ChessBase"]
[SourceDate "2012.06.22"]
[SourceVersion "1"]
[SourceVersionDate "2012.06.22"]
[SourceQuality "1"]

1. e4 c6 2. d3 d5 3. Nd2 dxe4 4. dxe4 Qc7 5. g3 Nf6 6. Bg2 Bg4 7. Ngf3 Nbd7 8. 0-0 Ne5 9. Qe2 e6 10. Nc4 Nxc4 11. Qxc4 Bxf3 12. Bxf3 Bd6 13. Re1 0-0 14. Bg5 Nd7 15. Bg2 Qa5 16. Be3 Qb4 17. Qxb4 Bxb4 18. Red1 Rfd8 19. c3 Ba5 20. Bh3 h6 21. Bf4 Nf6 22. e5 Nd5 23. Bd2 Bc7 24. f4 Bb6+ 25. Kf1 Ne3+ 26. Bxe3 Bxe3 27. Ke2 Bb6 28. b4 Kf8 29. a4 a5 30. Bg2 Ke7 31. b5 cxb5 32. axb5 Rxd1 33. Rxd1 Ra7 34. Rd6 Bc5 35. b6 Ra6 36. Bxb7 Rxb6 37. Rxb6 Bxb6 38. Bc6 1/2-1/2

[Event "Catalunya-chT"]
[Site "Barcelona"]
[Date "2002.??.??"]
[Round "3"]
[White "Pages Ruiz, Eduard"]
[Black "Cuxart Taltavull, Albert"]
[Result "1-0"]
[WhiteElo "2025"]
[BlackElo "1995"]
[PlyCount "45"]
[EventDate "2002.??.??"]
[EventType "team"]
[EventRounds "9"]
[EventCountry "ESP"]
[SourceTitle "EXT 2008"]
[Source "ChessBase"]
[SourceDate "2007.11.25"]
[SourceVersion "1"]
[SourceVersionDate "2007.11.25"]
[SourceQuality "1"]

1. e4 c5 2. Nf3 Nc6 3. Bb5 Nf6 4. Bxc6 bxc6 5. d3 d5 6. e5 Ng4 7. h3 Nh6 8. 0-0 e6 9. Re1 Nf5 10. Nc3 Be7 11. b3 0-0 12. Na4 Rb8 13. c4 dxc4 14. dxc4 Nd4 15. Ba3 Nxf3+ 16. Qxf3 Qa5 17. Red1 Bb7 18. Rd7 Rfe8 19. Bxc5 Kf8 20. Rad1 h6 21. Bd6 Bc8 22. Rxe7 Rxe7 23. Bxb8 1-0